| 000 | 00842nam a2200229 a 4500 | ||
|---|---|---|---|
| 005 | 20250809063840.0 | ||
| 008 | 991125s1993 mx 000 0 spa u | ||
| 020 | _a9700800296 | ||
| 035 | _aUPN01000004126 | ||
| 049 | _aF | ||
| 050 | 4 |
_aLB1028 _bE6 no.5 |
|
| 111 | 2 |
_aCongreso Nacional de Investigación Educativa _n(2o : _d1993 : _cMéxico) _928997 |
|
| 245 | 1 | 0 |
_aAprendizaje y desarrollo / _cFlorente López Rodríguez ... [et al.]. |
| 260 |
_aMéxico : _bSNTE, _c1993. |
||
| 300 | _a36 p. | ||
| 440 | 0 |
_aEstados de conocimiento. _pCuaderno ; _v5 |
|
| 520 | _aA la cabeza de la portada: La investigación educativa en los ochenta, perspectiva para los noventa | ||
| 650 | 4 |
_aEducación _xInvestigación _vCongresos _914375 |
|
| 650 | 2 |
_aObjetivos de la enseñanza _921083 |
|
| 700 | 1 |
_aLópez Rodríguez, Florente, _ecoaut. |
|
| 905 | _aLibro | ||
| 999 |
_c4126 _d4126 |
||